| 000 | 00684nam a2200205Ii 4500 | ||
|---|---|---|---|
| 003 | JO-AjNU | ||
| 008 | 230605s9999||||xx |||||||||||||| ||und|| | ||
| 040 |
_aJO-AjNU _bara _erda _cJO-AjNU |
||
| 041 | _aara | ||
| 050 | 1 | 4 | _aBP80.J33.S5288.1996 |
| 100 | 3 |
_aشلبي،محمود, _eauthor _917774 |
|
| 245 | 0 | 0 | _aحياة جعفر بن أبي طالب :ذي الجناحين-الطيار |
| 250 | _aط2 | ||
| 264 | 3 | 1 | _aبيروت:دار الجيل،1996 |
| 300 | _a168ص | ||
| 336 |
_atext _btxt _2rdacontent |
||
| 337 |
_aunmediated _bn _2rdamedia |
||
| 338 |
_avolume _bnc _2rdacarrier |
||
| 650 | 4 |
_aالصحابة والتابعون-تراجم-جعفر بن ابي طالب _917775 |
|
| 999 |
_aA5562 _c9130 _d9130 |
||